Music Quiz

Random Music or Artist Quiz

Ten+ Multi-Platinum Albums Quiz Stats

 Plays Quiz Updated Dec 19, 2018

Also try: Finish the Album
Challenge
Share
Tweet
Embed
Score 0/21 Timer 06:00
0 Plays Today
Number Artist/Group % Correct
26The Beatles
95.9%
11The Rolling Stones
80.3%
24Elvis Presley
65.9%
12Madonna
57.5%
12Elton John
47.4%
14Led Zeppelin
42.9%
11U2
41.8%
15Garth Brooks
32.7%
12Aerosmith
32.6%
12Pink Floyd
32.1%
10Bruce Springsteen
30.9%
Number Artist/Group % Correct
12AC/DC
30.8%
12Billy Joel
28.3%
11Eagles
22.5%
11Metallica
18.9%
13Barbra Streisand
11.5%
13George Strait
10.9%
10Rod Stewart
10.6%
12Van Halen
9.5%
11Neil Diamond
9.2%
10Alabama
7.4%

You're not logged in!

Compare scores with friends on all Sporcle quizzes.
OR
Log In

You Might Also Like...

Show Comments

Extras

Top Quizzes Today


Score Distribution

Your Account Isn't Verified!

In order to create a playlist on Sporcle, you need to verify the email address you used during registration. Go to your Sporcle Settings to finish the process.

Report this User

Report this user for behavior that violates our Community Guidelines.

Details: